logo

Bir Sreshtho Munshi Abdur Rouf Library
Jhenaidah Cadet College

হ্যামলেট / (Record no. 3044)

MARC details
000 -LEADER
fixed length control field 00815nam a22002417a 4500
001 - CONTROL NUMBER
JCCL Control Number 3044
003 - CONTROL NUMBER IDENTIFIER
JCCL marc code BD-JhCC
005 - DATE AND TIME OF LATEST TRANSACTION
control field 20171119085445.0
008 - FIXED-LENGTH DATA ELEMENTS--GENERAL INFORMATION
fixed length control field 171109s2005 bg |||| |||| 000 0 ben d
020 ## - INTERNATIONAL STANDARD BOOK NUMBER
International Standard Book Number 9844100038
035 ## - SYSTEM CONTROL NUMBER
system control number (BD-JhCC)3044
040 ## - CATALOGING SOURCE
Original cataloging agency BD-JhCC
Modifying agency BD-JhCC
041 ## - LANGUAGE CODE
Language code of Book ben
082 ## - DEWEY DECIMAL CLASSIFICATION NUMBER
Classification number 833.22
Author mark and Year SHA 2005
100 ## - MAIN ENTRY--PERSONAL NAME
Personal name শেকসপীয়র, উইলিয়াম
245 ## - TITLE STATEMENT
Title হ্যামলেট /
Statement of responsibility, etc উইলিয়াম শেকসপীয়র; ড. মফিজ চৌধুরী (অনু.)
260 ## - PUBLICATION, DISTRIBUTION, ETC. (IMPRINT)
Place of publication, distribution, etc ঢাকা :
Name of publisher, distributor, etc মাওলা ব্রাদার্স,
Date of publication, distribution, etc ২০০৫.
300 ## - PHYSICAL DESCRIPTION
Pagination ১২০ পৃ. :
Dimensions ২২ সেমি.
650 ## - SUBJECT ADDED ENTRY--TOPICAL TERM
Topical term or geographic name as entry element English Drama
700 ## - ADDED ENTRY--PERSONAL NAME
Personal name চৌধুরী, ড. মফিজ
942 ## - ADDED ENTRY ELEMENTS (KOHA)
Source of classification or shelving scheme Dewey Decimal Classification
Koha item type Books
Holdings
Source of classification or shelving scheme Damaged status Not for loan Home library Current library Shelving location Date of accession Source of acquisition Cost, normal purchase price Total Checkouts Full call number Barcode Date last seen Copy number Koha item type
Dewey Decimal Classification     JCC Rouf Library JCC Rouf Library General Stacks 11/09/2017 Md. Nasser Shahrear Zahedee 70.00   833.22 SHA 2005 4871 11/09/2017 C-1 Books
Dewey Decimal Classification     JCC Rouf Library JCC Rouf Library General Stacks 11/09/2017 Md. Nasser Shahrear Zahedee 70.00   833.22 SHA 2005 4950 11/09/2017 C-2 Books
Dewey Decimal Classification     JCC Rouf Library JCC Rouf Library General Stacks 11/14/2017   70.00   833.22 SHA 2005 3937 11/14/2017 C-3 Books

JCC Library | Contacts | JCC Home

Last Update on 23 September 2017
Copyright @ 2017-2020 JCC Rouf Library
Rouf Library, Jhenidah Cadet College (JCC), Bangladesh